000
00310nam a2200121Ia 4500
008
191201s2012 xx 000 0 und d
100
_a
GULATI, R.R.
245
0
_a
Monochrome and Colour Television
260
_a
N. Delhi
_b
New Age International
_c
2012
300
_a
688
650
_a
B.Tech(ECE)
942
_2
ddc
_c
BK
999
_c
6346
_d
6346